<?xml version="1.0" encoding="UTF-8"?>
<record
    xmlns:xsi="http://www.w3.org/2001/XMLSchema-instance"
    xsi:schemaLocation="http://www.loc.gov/MARC21/slim http://www.loc.gov/standards/marcxml/schema/MARC21slim.xsd"
    xmlns="http://www.loc.gov/MARC21/slim">

  <leader>03175nam a2200469Ii 4500</leader>
  <controlfield tag="001">DIGFCE0264</controlfield>
  <controlfield tag="003">NyNyDIG</controlfield>
  <controlfield tag="006">m     o  d        </controlfield>
  <controlfield tag="007">cr |||||||||||</controlfield>
  <controlfield tag="008">170801t20132003mx      ob    000 0 spa d</controlfield>
  <datafield tag="035" ind1=" " ind2=" ">
    <subfield code="a">(OCoLC)1001307403</subfield>
  </datafield>
  <datafield tag="040" ind1=" " ind2=" ">
    <subfield code="a">DGITA</subfield>
    <subfield code="b">eng</subfield>
    <subfield code="e">rda</subfield>
    <subfield code="e">pn</subfield>
    <subfield code="c">DGITA</subfield>
  </datafield>
  <datafield tag="020" ind1=" " ind2=" ">
    <subfield code="a">9786071614148</subfield>
    <subfield code="q">(eBook ;</subfield>
    <subfield code="q">ePub)</subfield>
  </datafield>
  <datafield tag="020" ind1=" " ind2=" ">
    <subfield code="a">6071614147</subfield>
    <subfield code="q">(eBook ;</subfield>
    <subfield code="q">ePub)</subfield>
  </datafield>
  <datafield tag="020" ind1=" " ind2=" ">
    <subfield code="z">9681670000</subfield>
  </datafield>
  <datafield tag="020" ind1=" " ind2=" ">
    <subfield code="z">9789681670009</subfield>
  </datafield>
  <datafield tag="050" ind1="1" ind2="4">
    <subfield code="a">B809.8 ebook</subfield>
  </datafield>
  <datafield tag="082" ind1="0" ind2="4">
    <subfield code="a">196.1</subfield>
  </datafield>
  <datafield tag="100" ind1="1" ind2=" ">
    <subfield code="a">S&#xE1;nchez V&#xE1;zquez, Adolfo,</subfield>
    <subfield code="e">author.</subfield>
  </datafield>
  <datafield tag="245" ind1="1" ind2="0">
    <subfield code="a">A tiempo y destiempo :</subfield>
    <subfield code="b">antolog&#xED;a de ensayos /</subfield>
    <subfield code="c">Adolfo S&#xE1;nchez V&#xE1;zquez ; pr&#xF3;logo de Ram&#xF3;n Xirau.</subfield>
  </datafield>
  <datafield tag="250" ind1=" " ind2=" ">
    <subfield code="a">Primera edici&#xF3;n electr&#xF3;nica.</subfield>
  </datafield>
  <datafield tag="264" ind1=" " ind2="1">
    <subfield code="a">M&#xE9;xico, D.F. :</subfield>
    <subfield code="b">Fondo de Cultura Econ&#xF3;mica,</subfield>
    <subfield code="c">2013.</subfield>
  </datafield>
  <datafield tag="264" ind1=" " ind2="4">
    <subfield code="c">&#xA9;2003</subfield>
  </datafield>
  <datafield tag="300" ind1=" " ind2=" ">
    <subfield code="a">1 online resource.</subfield>
  </datafield>
  <datafield tag="336" ind1=" " ind2=" ">
    <subfield code="a">text</subfield>
    <subfield code="b">txt</subfield>
    <subfield code="2">rdacontent</subfield>
  </datafield>
  <datafield tag="337" ind1=" " ind2=" ">
    <subfield code="a">computer</subfield>
    <subfield code="b">c</subfield>
    <subfield code="2">rdamedia</subfield>
  </datafield>
  <datafield tag="338" ind1=" " ind2=" ">
    <subfield code="a">online resource</subfield>
    <subfield code="b">cr</subfield>
    <subfield code="2">rdacarrier</subfield>
  </datafield>
  <datafield tag="490" ind1="1" ind2=" ">
    <subfield code="a">Secci&#xF3;n de obras de filosof&#xED;a</subfield>
  </datafield>
  <datafield tag="504" ind1=" " ind2=" ">
    <subfield code="a">Includes bibliographical references.</subfield>
  </datafield>
  <datafield tag="505" ind1="0" ind2=" ">
    <subfield code="a">Vida y filosof&#xED;a -- Una vida en la UNAM -- El imperativo de mi filosofar -- El "sue&#xF1;o" met&#xF3;dico de Sor Juana -- El tiempo en la poes&#xED;a espa&#xF1;ola -- Miseria y esplendor de Gogol -- Humanismo y visi&#xF3;n de Espa&#xF1;a en Antonio Machado -- Los del 98 y la pol&#xED;tica -- Octavio Paz en su "Laberinto". En torno a "El laberinto de la soledad" medio siglo despu&#xE9;s -- Socializaci&#xF3;n de la creaci&#xF3;n o muerte del arte -- Modernidad, vanguardia y posmodernismo -- Claves de la ideolog&#xED;a est&#xE9;tica de Diego Rivera -- La filosof&#xED;a sin m&#xE1;s ni menos -- Filosof&#xED;a, ideolog&#xED;a y sociedad -- &#xBF;Qu&#xE9; hacer con la historia de la filosof&#xED;a? -- Las revoluciones filos&#xF3;ficas : de Kant a Marx -- Una nueva pr&#xE1;ctica de la filosof&#xED;a -- Las explicaciones teleol&#xF3;gicas de la historia -- El antihumanismo de Heidegger entre dos olvidos -- Izquierda y derecha en pol&#xED;tica : &#xBF;y en la moral? -- Racionalidad y emancipaci&#xF3;n en Marx -- Marxismo y praxis -- Ideal socialista y socialismo real -- Despu&#xE9;s del derrumbe -- &#xBF;Vale la pena el socialismo? -- La ideolog&#xED;a de la "neutralidad ideol&#xF3;gica" en las ciencias sociales -- La cr&#xED;tica de la ideolog&#xED;a en Luis Villoro -- La utop&#xED;a de don Quijote -- La utop&#xED;a del "fin de la utop&#xED;a" -- Fin del exilio y exilio sin fin -- Entre la memoria y el olvido -- Mi trato con la poes&#xED;a en el exilio -- Del destierro al transtierro -- Procedencia de los textos.</subfield>
  </datafield>
  <datafield tag="588" ind1="0" ind2=" ">
    <subfield code="a">Online resource; title from ePub title page (Digitalia, viewed August 2, 2017)</subfield>
  </datafield>
  <datafield tag="650" ind1=" " ind2="0">
    <subfield code="a">Philosophy, Marxist.</subfield>
  </datafield>
  <datafield tag="655" ind1=" " ind2="0">
    <subfield code="a">Electronic books.</subfield>
  </datafield>
  <datafield tag="700" ind1="1" ind2=" ">
    <subfield code="a">Xirau, Ram&#xF3;n,</subfield>
    <subfield code="e">contributor agent of text.</subfield>
  </datafield>
  <datafield tag="791" ind1="2" ind2=" ">
    <subfield code="a">Digitalia (Firm),</subfield>
    <subfield code="e">distributor.</subfield>
  </datafield>
  <datafield tag="793" ind1="0" ind2=" ">
    <subfield code="g">Digitalia eBook Collection:</subfield>
    <subfield code="a">Fondo de Cultura Econ&#xF3;mica</subfield>
  </datafield>
  <datafield tag="776" ind1="0" ind2="8">
    <subfield code="i">Print version:</subfield>
    <subfield code="a">S&#xE1;nchez V&#xE1;zquez, Adolfo, 1915-2011.</subfield>
    <subfield code="t">A tiempo y destiempo.</subfield>
    <subfield code="d">M&#xE9;xico, D.F. : Fondo de Cultura Econ&#xF3;mica, 2003</subfield>
    <subfield code="z">9789681670009</subfield>
    <subfield code="w">(OCoLC)53705798</subfield>
  </datafield>
  <datafield tag="830" ind1=" " ind2="0">
    <subfield code="a">Secci&#xF3;n de obras de filosof&#xED;a.</subfield>
  </datafield>
  <datafield tag="856" ind1="4" ind2="0">
    <subfield code="3">Digitalia Hisp&#xE1;nica</subfield>
    <subfield code="u">https://www.digitaliapublishing.com/a/43341/</subfield>
  </datafield>
  <datafield tag="910" ind1=" " ind2=" ">
    <subfield code="a">Premium collection: 2017</subfield>
  </datafield>
  <datafield tag="942" ind1=" " ind2=" ">
    <subfield code="c">RAA</subfield>
  </datafield>
  <datafield tag="952" ind1=" " ind2=" ">
    <subfield code="0">0</subfield>
    <subfield code="1">0</subfield>
    <subfield code="4">0</subfield>
    <subfield code="7">0</subfield>
    <subfield code="8">DEH</subfield>
    <subfield code="a">BD-UIN</subfield>
    <subfield code="b">BD-UIN</subfield>
    <subfield code="d">2025-04-25</subfield>
    <subfield code="l">0</subfield>
    <subfield code="r">2025-04-25</subfield>
    <subfield code="w">2025-04-25</subfield>
    <subfield code="y">RAA</subfield>
  </datafield>
  <datafield tag="999" ind1=" " ind2=" ">
    <subfield code="c">247790</subfield>
    <subfield code="d">247790</subfield>
  </datafield>
</record>
